Ademola S. Tayo : (Record no. 25323)

MARC details
000 -LEADER
fixed length control field 00898nam a22002297a 4500
003 - CONTROL NUMBER IDENTIFIER
control field AUA.1
005 - DATE AND TIME OF LATEST TRANSACTION
control field 20260312203557.0
008 - FIXED-LENGTH DATA ELEMENTS--GENERAL INFORMATION
fixed length control field 260312b |||||||| |||| 00| 0 eng d
020 ## - INTERNATIONAL STANDARD BOOK NUMBER
International Standard Book Number 9789786926001
040 ## - CATALOGING SOURCE
Transcribing agency JTL
050 ## - LIBRARY OF CONGRESS CALL NUMBER
Classification number LB2831.8
Item number .A44 2025
245 ## - TITLE STATEMENT
Title Ademola S. Tayo :
Remainder of title the unlikely and credible vice-chancellor /
Statement of responsibility, etc [edited by] Michael Abiodun Oni, Ngozi Nwagwugwu and Emmanuel Orihentare Eregare.
260 ## - PUBLICATION, DISTRIBUTION, ETC. (IMPRINT)
Place of publication, distribution, etc Nigeria :
Name of publisher, distributor, etc FJ & Creative Colleagues,
Date of publication, distribution, etc c2025.
300 ## - PHYSICAL DESCRIPTION
Extent l, 366 pages :
Other physical details illustrations, 24 p. of plates;
Dimensions 23 cm.
600 ## - SUBJECT ADDED ENTRY--PERSONAL NAME
Personal name Ademola S. Tayo
Fuller form of name Ademola Stephen Tayo
General subdivision Biography
610 ## - SUBJECT ADDED ENTRY--CORPORATE NAME
Corporate name or jurisdiction name as entry element Babcock University
650 ## - SUBJECT ADDED ENTRY--TOPICAL TERM
Topical term or geographic name as entry element School administration and organization
700 ## - ADDED ENTRY--PERSONAL NAME
Personal name Oni, Michael Abiodun
Relator term editor
700 ## - ADDED ENTRY--PERSONAL NAME
Personal name Nwogwugwu, Ngozi
Relator term editor
700 ## - ADDED ENTRY--PERSONAL NAME
Personal name Eregare, Emmanuel Orihentare
Relator term editor
942 ## - ADDED ENTRY ELEMENTS (KOHA)
Source of classification or shelving scheme Library of Congress Classification
Koha item type Books
Classification part LB 2831.8
Item part .A44 2025
Holdings
Withdrawn status Lost status Source of classification or shelving scheme Damaged status Not for loan Collection code Home library Current library Shelving location Date acquired Source of acquisition Cost, normal purchase price Serial Enumeration / chronology Total Checkouts Full call number Barcode Checked out Date last seen Date checked out Cost, replacement price Price effective from Koha item type Copy number
    Library of Congress Classification     Books Judith Thomas Library Judith Thomas Library General Stacks 12/03/2026 Donation, Prof. Ademola S. Tayo 20.00 AUA28076 1 LB 2831.8 .A44 2025 AUA28076 18/05/2026 20/04/2026 20/04/2026 20.00 12/03/2026 Books  
    Library of Congress Classification     Books Judith Thomas Library Judith Thomas Library General Stacks 12/03/2026 Donation, Prof. Ademola S. Tayo 20.00 AUA28077   LB 2831.8 .A44 2025 AUA28077   12/03/2026   20.00 12/03/2026 Books 2